[Event "Makroregion KP-PO C15"]
[Site "Jastrzebia Gora"]
[Date "2013.??.??"]
[Round "1.1"]
[White "Paziak, Patryk"]
[Black "Wisniewski, Szymon"]
[Result "0-1"]
[WhiteElo "1526"]
[BlackElo "1855"]
[PlyCount "71"]
[EventDate "2013.??.??"]

1. d4 Nf6 2. c4 c5 3. Nf3 g6 4. Nc3 cxd4 5. Nxd4 Bg7 6. g3 O-O 7. Bg2 Nc6 8.
O-O Qb6 9. Ndb5 a6 10. Be3 Qd8 11. Nd4 Ng4 12. Nxc6 dxc6 13. Bc5 Be6 14. Qb3 b5
15. Qa3 Qc7 16. Bxe7 Bxc4 17. Bf3 Ne5 18. Rfe1 Rfe8 19. Bd6 Qb7 20. Bg2 a5 21.
Qc5 Rac8 22. a4 Nd7 23. Qg5 b4 24. Nb5 Qb6 25. Bc5 Qxc5 26. Qxc5 Nxc5 27. Nd6
Bxb2 28. Rac1 Bxc1 29. Rxc1 b3 30. Nxc4 Rxe2 31. Nxa5 b2 32. Rb1 Rc2 33. Bf1
Nxa4 34. Bd3 Rc1+ 35. Kg2 Rxb1 36. Bxb1 0-1

[Event "Makroregion KP-PO C15"]
[Site "Jastrzebia Gora"]
[Date "2013.??.??"]
[Round "1.2"]
[White "Pham, Juliusz"]
[Black "Niewiarowski, Mieszko"]
[Result "1-0"]
[WhiteElo "1816"]
[BlackElo "1474"]
[PlyCount "75"]
[EventDate "2013.??.??"]

1. e4 c6 2. d4 d5 3. exd5 cxd5 4. c4 Nf6 5. Nc3 g6 6. Nf3 Bg7 7. Be2 O-O 8. O-O
Nc6 9. c5 Re8 10. Bf4 Bg4 11. a3 Ne4 12. Be3 e6 13. Qd3 Bf5 14. Qb5 Qe7 15.
Rac1 Rad8 16. Rfd1 Rd7 17. Qa4 Rc8 18. b4 Nxc3 19. Rxc3 e5 20. dxe5 Bxe5 21.
Bg5 f6 22. Nxe5 Qxe5 23. Re3 Be4 24. Bh4 d4 25. b5 dxe3 26. Rxd7 exf2+ 27. Bxf2
Bf5 28. Bc4+ Kh8 29. bxc6 Bxd7 30. cxd7 Rd8 31. c6 bxc6 32. Qxc6 Qc3 33. Qe6
Qe5 34. Qxe5 fxe5 35. Be6 g5 36. Bg3 Kg7 37. Bxe5+ Kf8 38. Bf6 1-0

[Event "Makroregion KP-PO C15"]
[Site "Jastrzebia Gora"]
[Date "2013.??.??"]
[Round "1.3"]
[White "Perenc, Pawel"]
[Black "Fukowski, Pawel"]
[Result "0-1"]
[WhiteElo "1472"]
[BlackElo "1679"]
[PlyCount "96"]
[EventDate "2013.??.??"]

1. d4 Nf6 2. Nf3 d5 3. Nc3 e6 4. e3 c5 5. Be2 Nc6 6. O-O Bd7 7. Bd2 Bd6 8. Nb5
Qb8 9. h3 O-O 10. c4 cxd4 11. exd4 dxc4 12. Bxc4 a6 13. Nxd6 Qxd6 14. Be3 b5
15. Bd3 Nd5 16. Rc1 Rac8 17. a3 f5 18. Re1 Na5 19. Ne5 Rxc1 20. Bxc1 Nc6 21.
Bc2 Nxe5 22. dxe5 Qb6 23. Be3 Qc7 24. Bb3 Bc6 25. Bc5 Rc8 26. Bd6 Qd7 27. Qd2
Bb7 28. Rc1 Kf7 29. g4 Rxc1+ 30. Qxc1 Qc6 31. Qxc6 Bxc6 32. gxf5 exf5 33. f4 h6
34. h4 Kg6 35. e6 Kh5 36. e7 Nf6 37. Be5 Be8 38. Be6 Kg4 39. b4 Nh5 40. Bc8 g6
41. Kh2 Nxf4 42. Bxf4 Kxf4 43. Kh3 Ke4 44. Kg3 Ke5 45. Bxa6 Ke6 46. Bb7 Kxe7
47. Kf3 g5 48. hxg5 hxg5 0-1

[Event "Makroregion KP-PO C15"]
[Site "Jastrzebia Gora"]
[Date "2013.??.??"]
[Round "1.4"]
[White "Matewski, Marcin"]
[Black "Cwik, Jakub"]
[Result "1-0"]
[WhiteElo "1625"]
[BlackElo "1470"]
[PlyCount "73"]
[EventDate "2013.??.??"]

1. e4 c5 2. Nf3 d6 3. Bc4 Nf6 4. Nc3 e6 5. O-O a6 6. a4 Be7 7. d4 cxd4 8. Nxd4
Qc7 9. Bd3 Nc6 10. Nxc6 bxc6 11. Kh1 e5 12. f4 O-O 13. f5 d5 14. Qf3 Rd8 15. g4
dxe4 16. Nxe4 Nd5 17. g5 Bf8 18. h4 g6 19. fxg6 fxg6 20. Nf6+ Kh8 21. h5 Nxf6
22. gxf6 Rd4 23. Bg5 Bg4 24. Qf2 Bxh5 25. f7 Bg7 26. Be3 Rd7 27. Bc5 Rdd8 28.
Bb6 Qb7 29. Bxd8 Rxd8 30. Be4 Qxb2 31. Qc5 Rf8 32. Rab1 Qa2 33. Qxc6 Be2 34.
Rfe1 g5 35. Bd5 Qa3 36. Rxe2 Qh3+ 37. Rh2 1-0

[Event "Makroregion KP-PO C15"]
[Site "Jastrzebia Gora"]
[Date "2013.??.??"]
[Round "1.5"]
[White "Napierala, Jakub"]
[Black "Putlak, Wojciech"]
[Result "1/2-1/2"]
[WhiteElo "1328"]
[BlackElo "1607"]
[PlyCount "100"]
[EventDate "2013.??.??"]

1. e4 e6 2. d4 d5 3. Nc3 dxe4 4. Nxe4 Be7 5. Nf3 Nf6 6. Nc3 Nbd7 7. Bf4 O-O 8.
Nb5 Nd5 9. Bg3 a6 10. Nc3 Bb4 11. Qd2 c6 12. a3 Qa5 13. Bc4 Bxc3 14. bxc3 Qxc3
15. Qxc3 Nxc3 16. Bd6 Re8 17. O-O b5 18. Bb4 Nd5 19. Bxd5 cxd5 20. Rfe1 Bb7 21.
Re3 Rac8 22. c3 f6 23. Rae1 Kf7 24. h3 Nb6 25. Nd2 Rc6 26. Nb3 Nc4 27. R3e2 Ra8
28. f4 a5 29. Bc5 Nb6 30. Bxb6 Rxb6 31. Nc5 Bc8 32. g4 Ra7 33. Rb2 Ra8 34. Na4
Rbb8 35. Reb1 Bd7 36. Nc5 Bc6 37. Re2 Re8 38. Rbe1 Ra7 39. Rxe6 Rae7 40. Rxe7+
Rxe7 41. Rxe7+ Kxe7 42. Kf2 g6 43. Ke3 Kd6 44. Kd3 h6 45. Ke3 a4 46. f5 g5 47.
Kf3 Be8 48. Kg3 Bf7 49. h4 Kc6 50. h5 Kc7 1/2-1/2

[Event "Makroregion KP-PO C15"]
[Site "Jastrzebia Gora"]
[Date "2013.??.??"]
[Round "2.1"]
[White "Wisniewski, Szymon"]
[Black "Matewski, Marcin"]
[Result "1/2-1/2"]
[WhiteElo "1855"]
[BlackElo "1625"]
[PlyCount "60"]
[EventDate "2013.??.??"]

1. e4 e5 2. Nf3 Nc6 3. Bb5 Nf6 4. O-O Bc5 5. d3 d6 6. c3 Bb6 7. d4 Bd7 8. Re1
O-O 9. d5 Ne7 10. Bxd7 Nxd7 11. Be3 Ng6 12. Nbd2 h6 13. Nf1 Nh4 14. Ng3 Nxf3+
15. Qxf3 Qf6 16. Qxf6 Nxf6 17. f3 Bxe3+ 18. Rxe3 Nd7 19. c4 a5 20. Nf1 f5 21.
exf5 Rxf5 22. Nd2 b6 23. Ne4 Rf7 24. a4 Nf6 25. Nxf6+ Rxf6 26. b3 Rf4 27. Re4
Rxe4 28. fxe4 Rf8 29. Rf1 Rxf1+ 30. Kxf1 Kf7 1/2-1/2

[Event "Makroregion KP-PO C15"]
[Site "Jastrzebia Gora"]
[Date "2013.??.??"]
[Round "2.3"]
[White "Fukowski, Pawel"]
[Black "Tynski, Beniamin"]
[Result "1-0"]
[WhiteElo "1679"]
[BlackElo "1600"]
[PlyCount "71"]
[EventDate "2013.??.??"]

1. d4 d5 2. c4 e6 3. g3 Nf6 4. Nf3 b6 5. Bg2 Bb7 6. O-O Nbd7 7. b3 Bd6 8. Bb2
O-O 9. Nc3 c5 10. Nb5 Be7 11. e3 a6 12. Na3 Rc8 13. Rc1 h6 14. Qe2 Bd6 15. Rfd1
Qe7 16. Nb1 Rfd8 17. Nbd2 a5 18. Ne5 cxd4 19. exd4 Ba6 20. Qe3 Bb8 21. h3 Bb7
22. f4 Nxe5 23. fxe5 Ne8 24. a3 Nc7 25. Rc2 Ba7 26. Rdc1 Na6 27. Qe2 Nb8 28.
Kh2 Ba6 29. Qe3 Bb7 30. Rc3 Nc6 31. Qf2 Qd7 32. R3c2 Rc7 33. Nf1 Rdc8 34. Ne3
b5 35. c5 b4 36. a4 {(...56)} 1-0

[Event "Makroregion KP-PO C15"]
[Site "Jastrzebia Gora"]
[Date "2013.??.??"]
[Round "2.4"]
[White "Putlak, Wojciech"]
[Black "Paziak, Patryk"]
[Result "1/2-1/2"]
[WhiteElo "1607"]
[BlackElo "1526"]
[PlyCount "72"]
[EventDate "2013.??.??"]

1. d4 d5 2. Nf3 Nf6 3. e3 Bf5 4. c4 e6 5. Nc3 c6 6. Bd3 Bg4 7. O-O Bd6 8. Re1
O-O 9. e4 dxe4 10. Nxe4 Bb4 11. Nc3 Bxf3 12. gxf3 Nbd7 13. Be3 Qa5 14. Qb3 e5
15. a3 Bd6 16. Qa4 Qxa4 17. Nxa4 exd4 18. Bxd4 Rfe8 19. b4 Be5 20. Bc3 Bxc3 21.
Nxc3 Ne5 22. Be2 Nh5 23. c5 Nf4 24. Bd1 Re6 25. Ne4 Rg6+ 26. Kh1 f5 27. Nd6
Ned3 28. Bb3+ Kf8 29. Rf1 Nh3 30. Ra2 a5 31. Rd2 Ndxf2+ 32. Rdxf2 Nxf2+ 33.
Rxf2 axb4 34. axb4 b6 35. Nxf5 bxc5 36. Rc2 36... Rd8 {(...58)} 1/2-1/2

[Event "Makroregion KP-PO C15"]
[Site "Jastrzebia Gora"]
[Date "2013.??.??"]
[Round "2.5"]
[White "Niewiarowski, Mieszko"]
[Black "Napierala, Jakub"]
[Result "1-0"]
[WhiteElo "1474"]
[BlackElo "1328"]
[PlyCount "45"]
[EventDate "2013.??.??"]

1. e4 e5 2. d4 exd4 3. Bc4 Nf6 4. e5 d5 5. Bb3 Ne4 6. Nf3 Nc6 7. O-O Bg4 8. Ba4
Qd7 9. Qd3 a6 10. Bxc6 Qxc6 11. Nxd4 Qb6 12. c3 c5 13. Ne2 Rd8 14. f3 c4+ 15.
Qe3 Bc5 16. Nd4 Ng5 17. Qxg5 Bxd4+ 18. cxd4 Qxd4+ 19. Kh1 Qd3 20. Re1 Bf5 21.
Qxg7 Rf8 22. Bg5 Rc8 23. Qf6 1-0

[Event "Makroregion KP-PO C15"]
[Site "Jastrzebia Gora"]
[Date "2013.??.??"]
[Round "2.6"]
[White "Cwik, Jakub"]
[Black "Perenc, Pawel"]
[Result "1/2-1/2"]
[WhiteElo "1470"]
[BlackElo "1472"]
[PlyCount "46"]
[EventDate "2013.??.??"]

1. e4 e5 2. Nf3 Nc6 3. Bb5 d6 4. c3 Bd7 5. O-O Nf6 6. Re1 g6 7. d4 exd4 8. e5
Nxe5 9. Nxe5 dxe5 10. Rxe5+ Be7 11. Bg5 O-O 12. Bxd7 Qxd7 13. Qf3 Bd6 14. Re1
Nh5 15. cxd4 b6 16. Nc3 Rfe8 17. Ne4 Qb5 18. Nxd6 cxd6 19. Bh6 Rxe1+ 20. Rxe1
Re8 21. Qc3 Ng7 22. Bxg7 Kxg7 23. Rxe8 Qxe8 1/2-1/2

[Event "Makroregion KP-PO C15"]
[Site "Jastrzebia Gora"]
[Date "2013.??.??"]
[Round "3.1"]
[White "Pham, Juliusz"]
[Black "Fukowski, Pawel"]
[Result "1/2-1/2"]
[WhiteElo "1816"]
[BlackElo "1679"]
[PlyCount "62"]
[EventDate "2013.??.??"]

1. e4 e6 2. d4 d5 3. Nd2 c5 4. Ngf3 Nc6 5. exd5 exd5 6. Bb5 Qe7+ 7. Qe2 Qxe2+
8. Bxe2 Bd6 9. dxc5 Bxc5 10. Nb3 Bb6 11. O-O Nge7 12. Bf4 O-O 13. Rad1 Be6 14.
Nbd4 Nxd4 15. Nxd4 Nc6 16. Be3 Rac8 17. c3 Rfe8 18. Rfe1 g6 19. Bf3 Ne5 20. Bf4
Nxf3+ 21. gxf3 Bxd4 22. Rxd4 a6 23. Be3 b5 24. a3 Rc4 25. Red1 Rec8 26. Kf1 a5
27. Ke2 f6 28. Bf4 Kf7 29. Be3 a4 30. Bf4 Ke7 31. Be3 R8c7 1/2-1/2

[Event "Makroregion KP-PO C15"]
[Site "Jastrzebia Gora"]
[Date "2013.??.??"]
[Round "3.2"]
[White "Tynski, Beniamin"]
[Black "Wisniewski, Szymon"]
[Result "1/2-1/2"]
[WhiteElo "1600"]
[BlackElo "1855"]
[PlyCount "47"]
[EventDate "2013.??.??"]

1. d4 Nf6 2. Nf3 g6 3. c4 c5 4. e3 cxd4 5. exd4 Bg7 6. Nc3 O-O 7. Be2 d5 8. O-O
Nc6 9. Be3 Bg4 10. Ne5 Bxe2 11. Qxe2 Rc8 12. Nxc6 Rxc6 13. cxd5 Nxd5 14. Rac1
e6 15. Rfd1 Qa5 16. Nxd5 Qxd5 17. Rxc6 Qxc6 18. h3 Qd5 19. b3 Rd8 20. Rd2 a6
21. Qc4 Qd7 22. Qc3 Rc8 23. Qb2 Qd5 24. Qb1 1/2-1/2

[Event "Makroregion KP-PO C15"]
[Site "Jastrzebia Gora"]
[Date "2013.??.??"]
[Round "3.3"]
[White "Matewski, Marcin"]
[Black "Putlak, Wojciech"]
[Result "1-0"]
[WhiteElo "1625"]
[BlackElo "1607"]
[PlyCount "95"]
[EventDate "2013.??.??"]

1. e4 e6 2. d4 d5 3. e5 c5 4. c3 Nc6 5. Nf3 b6 6. Bd3 cxd4 7. cxd4 Bb4+ 8. Bd2
Bxd2+ 9. Qxd2 Nge7 10. Nc3 a6 11. Rc1 Bb7 12. h4 h6 13. Qf4 Qc7 14. Qg4 O-O 15.
Rh3 f5 16. exf6 Rxf6 17. Rg3 Nf5 18. Nxd5 exd5 19. Bxf5 Re8+ 20. Kf1 Re7 21.
Rc3 Qd6 22. Re3 Qc7 23. Be6+ Kh8 24. Bxd5 a5 25. Rxe7 Qxe7 26. Qe4 Qxe4 27.
Bxe4 Rd6 28. Kg1 Nxd4 29. Bxb7 Ne2+ 30. Kh2 Nxg3 31. Kxg3 Rd7 32. Be4 Rd1 33.
a4 Kg8 34. b3 Kf7 35. Ne5+ Ke6 36. Nc4 Rd4 37. f3 Rd8 38. Nxb6 Rb8 39. Nc4 Rxb3
40. Nxa5 Rc3 41. Nc6 Rc5 42. a5 Rc3 43. a6 Rc1 44. a7 Ra1 45. Kg4 Ra3 46. Na5
Rxa5 47. a8=Q Rxa8 48. Bxa8 1-0

[Event "Makroregion KP-PO C15"]
[Site "Jastrzebia Gora"]
[Date "2013.??.??"]
[Round "3.5"]
[White "Perenc, Pawel"]
[Black "Niewiarowski, Mieszko"]
[Result "0-1"]
[WhiteElo "1472"]
[BlackElo "1474"]
[PlyCount "106"]
[EventDate "2013.??.??"]

1. d4 Nf6 2. c4 e6 3. Nc3 Bb4 4. a3 Bxc3+ 5. bxc3 O-O 6. Nf3 c5 7. Bg5 Qa5 8.
Qb3 Ne4 9. Rc1 cxd4 10. Be7 Re8 11. Bb4 Qb6 12. cxd4 a5 13. c5 Qc7 14. Bc3 d6
15. cxd6 Qxd6 16. e3 Nc6 17. Bd3 Nxc3 18. Qxc3 Rd8 19. Be2 Bd7 20. Qc5 Qxc5 21.
Rxc5 Rac8 22. O-O Kf8 23. Rfc1 Ne7 24. Ne5 Ke8 25. Nxd7 Kxd7 26. Bb5+ Kd6 27.
e4 Rxc5 28. Rxc5 Nc6 29. e5+ Kc7 30. Bxc6 bxc6 31. Rc4 Rb8 32. g3 Rb3 33. a4
Rb4 34. Rc5 Rxa4 35. Kf1 Kb6 36. Rc1 Rxd4 37. Rb1+ Rb4 38. Ra1 a4 39. Ke2 Kb5
40. Kd3 Rb3+ 41. Kc2 Kb4 42. Rd1 Rc3+ 43. Kb2 a3+ 44. Ka1 Rc2 45. Rb1+ Rb2 46.
Rxb2+ axb2+ 47. Kxb2 Kc4 48. f4 Kd3 49. Kc1 Ke3 50. Kc2 Kf2 51. Kd3 Kg2 52. g4
Kf3 53. f5 Kxg4 0-1

[Event "Makroregion KP-PO C15"]
[Site "Jastrzebia Gora"]
[Date "2013.??.??"]
[Round "3.6"]
[White "Paziak, Patryk"]
[Black "Cwik, Jakub"]
[Result "1-0"]
[WhiteElo "1526"]
[BlackElo "1470"]
[PlyCount "42"]
[EventDate "2013.??.??"]

1. d4 Nf6 2. c4 g6 3. Nc3 Bg7 4. e4 d6 5. f3 O-O 6. Be3 Nc6 7. Qd2 a6 8. Nge2
Rb8 9. g4 b5 10. h4 e5 11. d5 Na5 12. Ng3 bxc4 13. h5 Bxg4 14. fxg4 Nxg4 15.
hxg6 Nxe3 16. gxh7+ Kh8 17. Qxe3 Rxb2 18. Nh5 Bf6 19. Qh6 Bh4+ 20. Kd1 Qg5 21.
Qxf8+ Kxh7 1-0

[Event "Makroregion KP-PO C15"]
[Site "Jastrzebia Gora"]
[Date "2013.??.??"]
[Round "4.1"]
[White "Fukowski, Pawel"]
[Black "Matewski, Marcin"]
[Result "1/2-1/2"]
[WhiteElo "1679"]
[BlackElo "1625"]
[PlyCount "84"]
[EventDate "2013.??.??"]

1. d4 d5 2. c4 e6 3. g3 Nf6 4. Bg2 Nc6 5. Nf3 Be7 6. O-O O-O 7. b3 Ne4 8. Bb2
f5 9. Nc3 b6 10. Nxe4 fxe4 11. Nd2 Bf6 12. e3 Ba6 13. Re1 Qd7 14. a3 Nd8 15. b4
c6 16. Rc1 Nf7 17. Qa4 Bb7 18. f4 Nd6 19. c5 b5 20. Qd1 Nf5 21. Bc3 a6 22. Ra1
Bd8 23. a4 Bc7 24. Nf1 Qf7 25. Qe2 Rfb8 26. Ra2 Rc8 27. Rea1 Qe8 28. Be1 Rcb8
29. g4 Ne7 30. Ng3 Qf8 31. h4 Re8 32. Bh3 Kh8 33. Kh2 Qg8 34. h5 h6 35. Kh1 Kh7
36. axb5 axb5 37. Rxa8 Rxa8 38. Rxa8 Qxa8 39. g5 Bc8 40. gxh6 gxh6 41. Kh2 Bd7
42. Bf2 Qg8 1/2-1/2

[Event "Makroregion KP-PO C15"]
[Site "Jastrzebia Gora"]
[Date "2013.??.??"]
[Round "4.2"]
[White "Wisniewski, Szymon"]
[Black "Pham, Juliusz"]
[Result "1/2-1/2"]
[WhiteElo "1855"]
[BlackElo "1816"]
[PlyCount "108"]
[EventDate "2013.??.??"]

1. f4 d5 2. e3 g6 3. Nf3 Bg7 4. d4 Bf5 5. Bd3 Nh6 6. O-O O-O 7. Bxf5 Nxf5 8.
Qd3 c5 9. c3 Nd7 10. Nbd2 Qc7 11. Ne5 cxd4 12. exd4 a6 13. Nxd7 Qxd7 14. Nf3
Nd6 15. Ne5 Qc7 16. Qf3 e6 17. Be3 b5 18. Rac1 Ne4 19. g4 Rac8 20. f5 exf5 21.
gxf5 Bxe5 22. dxe5 Qxe5 23. Bh6 Rfe8 24. fxg6 f6 25. Qg4 Ng5 26. Rce1 Qxe1 27.
Rxe1 Rxe1+ 28. Kf2 Rce8 29. Bxg5 fxg5 30. gxh7+ Kxh7 31. Qh5+ Kg7 32. Qxg5+ Kf8
33. Qf5+ Kg7 34. Qxd5 R1e2+ 35. Kf3 Rxb2 36. Qd7+ Kf8 37. Qf5+ Kg7 38. Qg5+ Kf7
39. Qd5+ Kg7 40. Qd4+ Kf7 41. Qf4+ Kg7 42. Qg5+ Kf7 43. Qh5+ Kf8 44. Qh6+ Kf7
45. Qxa6 Ree2 46. Qb7+ Kf6 47. Qc6+ Kg7 48. Qd7+ Kf6 49. h4 Rxa2 50. h5 Rh2 51.
h6 Rh3+ 52. Kg4 Rah2 53. Qc6+ Ke7 54. Qc5+ Ke6 1/2-1/2

[Event "Makroregion KP-PO C15"]
[Site "Jastrzebia Gora"]
[Date "2013.??.??"]
[Round "4.4"]
[White "Napierala, Jakub"]
[Black "Tynski, Beniamin"]
[Result "0-1"]
[WhiteElo "1328"]
[BlackElo "1600"]
[PlyCount "82"]
[EventDate "2013.??.??"]

1. e4 c5 2. Nf3 d6 3. d4 cxd4 4. Nxd4 Nf6 5. Nc3 a6 6. Be2 Nc6 7. Be3 e6 8. O-O
Be7 9. f4 Qc7 10. Kh1 Bd7 11. Qe1 Nxd4 12. Bxd4 Bc6 13. Bd3 e5 14. Be3 O-O 15.
Qg3 Nd7 16. Rad1 Bf6 17. fxe5 Bxe5 18. Bf4 Nc5 19. Nd5 Bxd5 20. Bxe5 dxe5 21.
exd5 Nxd3 22. Qxd3 Rac8 23. c3 b5 24. Rfe1 Qd6 25. Re4 f5 26. Rh4 e4 27. Qd4
Qf6 28. Qxf6 Rxf6 29. Kg1 g5 30. Rh3 Rd6 31. Kf2 Rc5 32. Ke3 Rcxd5 33. Rxd5
Rxd5 34. Rh5 g4 35. Rh6 a5 36. Ra6 a4 37. Ra5 Kg7 38. g3 Kf6 39. Ke2 Ke5 40. c4
bxc4 41. Rxa4 Rb5 0-1

[Event "Makroregion KP-PO C15"]
[Site "Jastrzebia Gora"]
[Date "2013.??.??"]
[Round "4.6"]
[White "Putlak, Wojciech"]
[Black "Perenc, Pawel"]
[Result "1-0"]
[WhiteElo "1607"]
[BlackElo "1472"]
[PlyCount "49"]
[EventDate "2013.??.??"]

1. d4 Nf6 2. c4 g6 3. Nc3 Bg7 4. Nf3 O-O 5. g3 d6 6. Bg2 c5 7. O-O Nbd7 8. Bg5
Rb8 9. Qd2 b6 10. Rad1 Bb7 11. d5 a6 12. Rfe1 Ba8 13. e4 b5 14. Bf1 b4 15. Na4
Nb6 16. Nxb6 Qxb6 17. e5 Nd7 18. Bxe7 Nxe5 19. Nxe5 Rfe8 20. Nd7 Qc7 21. Nxb8
Rxe7 22. Rxe7 Qxe7 23. Nc6 Qc7 24. Bg2 Qc8 25. Ne7+ 1-0

[Event "Makroregion KP-PO C15"]
[Site "Jastrzebia Gora"]
[Date "2013.??.??"]
[Round "5.1"]
[White "Pham, Juliusz"]
[Black "Matewski, Marcin"]
[Result "1-0"]
[WhiteElo "1816"]
[BlackElo "1625"]
[PlyCount "57"]
[EventDate "2013.??.??"]

1. e4 e6 2. d4 d5 3. Nd2 c5 4. Ngf3 Nc6 5. exd5 exd5 6. Bb5 Bd7 7. O-O Bd6 8.
dxc5 Bxc5 9. Nb3 Qb6 10. Qxd5 Qxb5 11. Qxc5 Qxc5 12. Nxc5 Bf5 13. Nxb7 Bxc2 14.
Bf4 Nge7 15. Nd6+ Kf8 16. Rac1 Bd3 17. Rfe1 h6 18. Ne5 Nxe5 19. Bxe5 f6 20. Bg3
Bg6 21. Rc7 Nd5 22. Rb7 Kg8 23. Rd1 Nb6 24. Rc1 Kh7 25. Rcc7 Rhg8 26. Rxa7 Nd5
27. Rxg7+ Rxg7 28. Rxa8 f5 29. Be5 1-0

[Event "Makroregion KP-PO C15"]
[Site "Jastrzebia Gora"]
[Date "2013.??.??"]
[Round "5.2"]
[White "Niewiarowski, Mieszko"]
[Black "Fukowski, Pawel"]
[Result "1-0"]
[WhiteElo "1474"]
[BlackElo "1679"]
[PlyCount "120"]
[EventDate "2013.??.??"]

1. e4 e6 2. d4 d5 3. Nc3 Bb4 4. e5 c5 5. a3 Bxc3+ 6. bxc3 Qc7 7. Nf3 b6 8. h4
Nc6 9. Be3 c4 10. Qd2 Nge7 11. Be2 Bd7 12. h5 h6 13. g4 O-O-O 14. O-O-O b5 15.
Kb2 a5 16. Ra1 Qb6 17. Rhb1 Kb7 18. Kc1 Ra8 19. a4 Na7 20. Bxc4 bxc4 21. Rxb6+
Kxb6 22. Kd1 Ka6 23. Qc1 Nac6 24. Rb1 Rab8 25. Rxb8 Nxb8 26. Qa3 Nc8 27. Qc5
Bxa4 28. Qc7 Nd7 29. g5 Ncb6 30. gxh6 gxh6 31. Qd6 Kb7 32. Ne1 Bc6 33. Qe7 a4
34. Bc1 Rf8 35. Ba3 Nc8 36. Qh4 Rh8 37. Qf4 Rh7 38. Ng2 Na7 39. Qg3 Nb5 40. Qg8
Nxa3 41. Qxh7 Nb5 42. Qxh6 Nxc3+ 43. Ke1 Nb5 44. Qd2 c3 45. Qd1 a3 46. h6 Nf8
47. Ne3 Kc7 48. Qa1 Kd8 49. Kf1 Nh7 50. Nd1 Ke8 51. Nxc3 Nxc3 52. Qxc3 Bb5+ 53.
Kg2 a2 54. Qc8+ Ke7 55. Qb7+ Kf8 56. Qa8+ Be8 57. Qxa2 f6 58. Qa7 Bf7 59. Qb8+
Be8 60. Qc7 Bf7 1-0

[Event "Makroregion KP-PO C15"]
[Site "Jastrzebia Gora"]
[Date "2013.??.??"]
[Round "5.3"]
[White "Tynski, Beniamin"]
[Black "Paziak, Patryk"]
[Result "1/2-1/2"]
[WhiteElo "1600"]
[BlackElo "1526"]
[PlyCount "48"]
[EventDate "2013.??.??"]

1. d4 e6 2. Nf3 d5 3. c4 Nf6 4. Nc3 Be7 5. Bf4 c6 6. e3 O-O 7. Bd3 dxc4 8. Bxc4
b5 9. Bb3 Nbd7 10. O-O Bb7 11. Rc1 Qb6 12. Qd3 a6 13. Ne5 Rfd8 14. Nxd7 Rxd7
15. Qe2 Rad8 16. Rfd1 c5 17. dxc5 Bxc5 18. Rxd7 Rxd7 19. Rd1 Qc6 20. f3 h6 21.
Bg3 Rxd1+ 22. Bxd1 Nd5 23. Nxd5 Qxd5 24. Bb3 Qd7 1/2-1/2

[Event "Makroregion KP-PO C15"]
[Site "Jastrzebia Gora"]
[Date "2013.??.??"]
[Round "5.5"]
[White "Cwik, Jakub"]
[Black "Putlak, Wojciech"]
[Result "1/2-1/2"]
[WhiteElo "1470"]
[BlackElo "1607"]
[PlyCount "93"]
[EventDate "2013.??.??"]

1. e4 e6 2. d3 d5 3. Nd2 dxe4 4. dxe4 Nc6 5. Ngf3 Bc5 6. g3 Nge7 7. Bg2 O-O 8.
O-O Nd4 9. c3 Nxf3+ 10. Qxf3 Nc6 11. Qe2 b6 12. Nb3 Qe7 13. Nxc5 Qxc5 14. Be3
Qe7 15. Rfd1 Bb7 16. f3 Rfd8 17. Rxd8+ Rxd8 18. Rd1 Rd7 19. Rxd7 Qxd7 20. Qd2
Qxd2 21. Bxd2 Kf8 22. Bf1 Ne5 23. Kf2 c5 24. Bf4 Nc6 25. g4 e5 26. Bg3 f6 27.
Ke3 Ke7 28. h4 a6 29. Bc4 b5 30. Bg8 h6 31. Bd5 Nd8 32. c4 g5 33. h5 Bxd5 34.
cxd5 Nb7 35. Kd3 Kd6 36. Be1 c4+ 37. Kc2 a5 38. b3 cxb3+ 39. axb3 Kc5 40. Bf2+
Kd6 41. Bb6 Kd7 42. Kc1 Kd6 43. b4 a4 44. Kb2 Kd7 45. Bc5 Nxc5 46. bxc5 b4 47.
Ka2 1/2-1/2

[Event "Makroregion KP-PO C15"]
[Site "Jastrzebia Gora"]
[Date "2013.??.??"]
[Round "6.1"]
[White "Wisniewski, Szymon"]
[Black "Niewiarowski, Mieszko"]
[Result "1-0"]
[WhiteElo "1855"]
[BlackElo "1474"]
[PlyCount "69"]
[EventDate "2013.??.??"]

1. a3 d5 2. Nf3 Nf6 3. c4 e6 4. g3 Be7 5. Bg2 O-O 6. cxd5 exd5 7. d4 c6 8. O-O
Qb6 9. Nc3 Bf5 10. b4 Nbd7 11. Bg5 Rfe8 12. Bxf6 Nxf6 13. Nh4 Be6 14. Qd3 Ng4
15. Nf3 Nh6 16. e3 Nf5 17. b5 Nd6 18. bxc6 bxc6 19. Na4 Qa5 20. Nc5 Nc4 21.
Nxe6 fxe6 22. Rfc1 Rab8 23. Rc3 Nb2 24. Qc2 Nc4 25. Qd3 Nb2 26. Qc2 Nc4 27. e4
Rb2 28. Qc1 Reb8 29. Bh3 Nxa3 30. Rcxa3 Bxa3 31. Qxc6 Rb1+ 32. Rxb1 Rxb1+ 33.
Kg2 Rb8 34. Qxe6+ Kf8 35. Ng5 1-0

[Event "Makroregion KP-PO C15"]
[Site "Jastrzebia Gora"]
[Date "2013.??.??"]
[Round "6.2"]
[White "Paziak, Patryk"]
[Black "Pham, Juliusz"]
[Result "0-1"]
[WhiteElo "1526"]
[BlackElo "1816"]
[PlyCount "98"]
[EventDate "2013.??.??"]

1. d4 Nf6 2. Bg5 Ne4 3. Bf4 d5 4. e3 Bf5 5. Bd3 e6 6. Nf3 Nd7 7. Ne5 Be7 8. O-O
O-O 9. Nxd7 Qxd7 10. Nd2 Nxd2 11. Qxd2 Bxd3 12. Qxd3 c5 13. dxc5 Bxc5 14. c4
Rfd8 15. Rfd1 Qc6 16. Qb3 d4 17. exd4 Bxd4 18. Rd3 Qe4 19. Be3 Bxe3 20. Rxe3
Qc6 21. Rd3 Rxd3 22. Qxd3 Qb6 23. Rd1 h6 24. b3 Rc8 25. h3 Qc7 26. Qd4 a6 27.
Qd7 Kf8 28. Kf1 b6 29. Qxc7 Rxc7 30. Rd8+ Ke7 31. Ra8 a5 32. Rb8 Rc6 33. Ke2
Rd6 34. Rb7+ Kf6 35. Ke3 h5 36. Rb8 g5 37. c5 bxc5 38. Rb5 a4 39. Rxc5 axb3 40.
axb3 Rd1 41. b4 Rb1 42. b5 h4 43. Kf3 Rb2 44. Ke3 e5 45. Kd3 Rxf2 46. Rc2 Rxc2
47. Kxc2 Ke6 48. Kd3 Kd6 49. Kc4 e4 0-1

[Event "Makroregion KP-PO C15"]
[Site "Jastrzebia Gora"]
[Date "2013.??.??"]
[Round "6.3"]
[White "Matewski, Marcin"]
[Black "Tynski, Beniamin"]
[Result "1-0"]
[WhiteElo "1625"]
[BlackElo "1600"]
[PlyCount "67"]
[EventDate "2013.??.??"]

1. e4 c5 2. Nf3 e6 3. d4 cxd4 4. Nxd4 a6 5. Nc3 b5 6. a3 Bb7 7. Be3 Nf6 8. f3
d5 9. e5 Nfd7 10. f4 Nc6 11. Nce2 Rc8 12. c3 Nb6 13. Ng1 Nc4 14. Bxc4 dxc4 15.
Ngf3 Qd5 16. O-O Nxd4 17. Bxd4 Bc5 18. Qd2 Bxd4+ 19. Nxd4 g6 20. Rae1 h5 21.
Rf2 Rd8 22. Qe3 h4 23. h3 Rh5 24. Kh2 Kd7 25. Rd2 Kc8 26. Ree2 Ba8 27. Nf3 Qb7
28. Rxd8+ Kxd8 29. Rd2+ Kc8 30. Qc5+ Qc7 31. Qf8+ Kb7 32. Rd8 Qxd8 33. Qxd8 Rf5
34. Qxh4 1-0

[Event "Makroregion KP-PO C15"]
[Site "Jastrzebia Gora"]
[Date "2013.??.??"]
[Round "6.4"]
[White "Fukowski, Pawel"]
[Black "Napierala, Jakub"]
[Result "1-0"]
[WhiteElo "1679"]
[BlackElo "1328"]
[PlyCount "75"]
[EventDate "2013.??.??"]

1. Nf3 Nf6 2. b3 d5 3. Bb2 Nc6 4. e3 a6 5. d4 Bf5 6. c4 e6 7. a3 Be7 8. Nc3 O-O
9. Bd3 Bxd3 10. Qxd3 b6 11. O-O Na5 12. Ne2 Ne4 13. cxd5 exd5 14. Rac1 Bd6 15.
b4 Nc4 16. Rxc4 Nxf2 17. Rxf2 dxc4 18. Qxc4 Re8 19. Bc1 Qf6 20. Ne5 Qe6 21.
Qxe6 fxe6 22. Nc4 Rf8 23. Nf4 Bxf4 24. Rxf4 Rxf4 25. exf4 Rd8 26. Be3 Kf8 27.
Kf1 Ke7 28. Ke2 Rd5 29. Ne5 Ke8 30. g4 a5 31. h4 g6 32. Kf3 axb4 33. axb4 Ke7
34. Ke4 Kf6 35. f5 gxf5+ 36. gxf5 Rb5 37. Bg5+ Kg7 38. f6+ 1-0

[Event "Makroregion KP-PO C15"]
[Site "Jastrzebia Gora"]
[Date "2013.??.??"]
[Round "7.1"]
[White "Putlak, Wojciech"]
[Black "Pham, Juliusz"]
[Result "0-1"]
[WhiteElo "1607"]
[BlackElo "1816"]
[PlyCount "100"]
[EventDate "2013.??.??"]

1. d4 Nf6 2. c4 e6 3. Nf3 b6 4. g3 Ba6 5. b3 Bb4+ 6. Bd2 Be7 7. Nc3 d5 8. cxd5
exd5 9. Bg2 O-O 10. O-O Nbd7 11. Re1 Bb7 12. Bg5 h6 13. Bxf6 Nxf6 14. Ne5 Bd6
15. Nd3 Re8 16. Nb5 Bf8 17. Qc2 c6 18. Nc3 Ne4 19. Rad1 Nxc3 20. Qxc3 Qf6 21.
Ne5 Qd6 22. e3 f6 23. Ng6 Qb4 24. Qxb4 Bxb4 25. Re2 a5 26. Rc2 Bd6 27. Bh3 Kf7
28. Nh4 Red8 29. Bf5 a4 30. Rb1 axb3 31. axb3 g5 32. Nf3 Ra3 33. Bd3 Rda8 34.
Kf1 Ra1 35. Rcb2 Bb4 36. Ne1 Rxb1 37. Rxb1 Ra2 38. Nc2 Bc3 39. Ke2 c5 40. dxc5
bxc5 41. Kf1 Bc8 42. f3 f5 43. Kg1 Be6 44. e4 c4 45. bxc4 dxc4 46. exf5 cxd3
47. fxe6+ Kxe6 48. Ne3 Bd4 49. Re1 d2 50. Rd1 Bxe3+ 0-1